000 00393pab a2200157 454500
008 180718b2000 xxu||||| |||| 00| 0 eng d
100 _aVaidyanathan, K.
245 _aSmall-scale industrial policy to nowhere
260 _c2000
300 _ap.12
362 _a18 Oct
650 _aIndia - Industries, Small scale
650 _aSmall scale industry
773 _aTribune
909 _a48005
999 _c48005
_d48005